Every The Beatles song that hit the Billboard hot 100 - Statistics

General Stats
  • This quiz has been taken 416 times
  • The average score is 33 of 71
Answer Stats
Peak Chart Position Year Song % Correct
1 1968 Hey Jude
90%
1 1969 Come Together/Something
87%
1 1970 Let It Be
87%
2 1966 Yellow Submarine
86%
1 1964 I Want To Hold Your Hand
85%
1 1965 Yesterday
85%
1 1964 Help!
84%
1 1965 A Hard Day's Night
79%
1 1964 Love Me Do
79%
1 1964 She Loves You
79%
97 1964 Sie Liebt Dich (She Loves You)
79%
11 1966 Eleanor Rigby
76%
1 1967 Penny Lane
75%
1 1969 Get Back
74%
8 1967 Strawberry Fields Forever
74%
1 1966 Paperback Writer
68%
3 1964 Please Please Me
68%
1 1965 Eight Days A Week
67%
1 1970 The Long And Winding Road/For You Blue
67%
1 1965 Ticket To Ride
67%
1 1967 All You Need Is Love
66%
2 1964 Twist And Shout
66%
1 1964 Can't Buy Me Love
64%
3 1969 Something
63%
1 1967 Hello Goodbye
60%
71 1978 Sgt. Pepper's Lonely Hearts Club Band/With A Little Help From My Friends
60%
5 1966 Day Tripper
59%
12 1968 Revolution
59%
1 1964 I Feel Fine
57%
4 1968 Lady Madonna
57%
1 1966 We Can Work It Out
57%
8 1969 The Ballad Of John And Yoko
56%
45 1964 All My Loving
54%
41 1964 From Me To You
52%
56 1967 I Am The Walrus
52%
14 1964 I Saw Her Standing There
51%
12 1964 And I Love Her
49%
23 1966 Rain
44%
3 1966 Nowhere Man
43%
35 1969 Don't Let Me Down
42%
53 1964 If I Fell
40%
49 1976 Ob-la-di, Ob-la-da
39%
6 1996 Free As A Bird
37%
10 1964 P.S. I Love You
34%
68 1964 Roll Over Beethoven
33%
2 1964 Do You Want To Know A Secret
32%
7 1976 Got To Get You Into My Life
31%
53 1964 Ringo's Theme (This Boy)
31%
53 1964 I Should Have Known Better
30%
4 1964 She's A Woman
30%
11 1996 Real Love
29%
48 1964 You Can't Do That
26%
34 1967 Baby You're A Rich Man
25%
17 1964 Matchbox
24%
46 1965 Yes It Is
24%
47 1965 Act Naturally
19%
35 1964 Thank You Girl
19%
25 1964 Slow Down
17%
96 1968 The Inner Light
16%
95 1964 I'm Happy Just To Dance With You
15%
25 1964 I'll Cry Instead
14%
74 1964 There's A Place
14%
67 1995 Baby It's You
12%
39 1965 I Don't Want To Spoil The Party
11%
26 1964 My Bonnie (My Bonnie Lies Over The Ocean)
8%
81 1966 What Goes On
8%
12 1982 The Beatles' Movie Medley
6%
19 1964 Ain't She Sweet
5%
88 1964 Why
3%
68 1965 4 - By The Beatles
2%
92 1964 Four By The Beatles
2%
No matching quizzes found
Score Distribution
Percent of People with Each Score
Percentile by Number Answered
Your Score History
You have not taken this quiz